| 000 | 00449nam a2200169Ia 4500 | ||
|---|---|---|---|
| 003 | GCL | ||
| 008 | 140319s9999 xx 000 0 eng d | ||
| 040 |
_aGCL / _cGCL |
||
| 082 | 0 | 4 |
_a327.209 _bA R |
| 100 | 1 | _aANDERSON, M. S. | |
| 245 | 1 | 0 |
_aTHE RISE OF MODERN DIPLOMACY / _cANDERSON, M. S. |
| 260 |
_a[S.N] : _bLONGMAN GROUP ، _c1993 |
||
| 300 | _a320 P | ||
| 650 | 0 | 4 | _aINTERNATIONAL RELATIONS |
| 650 | 0 | 4 | _aDIPLOMACY, HISTORY |
| 942 |
_2ddc _cBK |
||
| 999 |
_c20703 _d20703 |
||